000 00734nam a22002057a 4500
999 _c16843
_d16843
003 AR-CdUCM
008 190506b ||||| |||| 00| 0 spa d
040 _aMUNICIPALIDAD PROVINCIAL DEL CUSCO
_cBIBLIOTECA MUNICIPAL DEL CUSCO
082 _a340.03 /
_bCH19
100 _aChanamé Orbe, Raúl
_918303
245 _aDiccionario jurídico moderno :
_bconceptos, instituciones, personajes /
260 _aLima :
_bSan Marcos,
_c1995.
300 _a516 páginas ;
_c21 cm.
505 _aContenido: Escritos preliminares -- Prefacio -- Presentación -- Prologo -- Introducción...
650 _aDerecho
_9739
650 _aDiccionarios
_95105
650 _aMáximas jurídicas
_936543
942 _2ddc
_cLIBROS
945 _adavv
_d06/05/2019